Normal view
MARC view
- Engineering law
Entry Topical Term
001 - CONTROL NUMBER
- control field: 24627
003 - CONTROL NUMBER IDENTIFIER
- control field: NUST
005 - DATE AND TIME OF LATEST TRANSACTION
- control field: 20191023114913.0
008 - FIXED-LENGTH DATA ELEMENTS
- fixed length control field: 191023|| aca||aabn | a|a d
040 ## - CATALOGING SOURCE
- Original cataloging agency: NUST
- Transcribing agency: NUST
150 ## - HEADING--TOPICAL TERM
- Topical term or geographic name entry element: Engineering law
- Geographic subdivision: United States
670 ## - SOURCE DATA FOUND
- Source citation: Work cat.: (NUST): Yates, J. K., 24622, Engineering and construction law and contracts / CD, c2009.
